000 00695ngm a2200301 a 4500
003 OSt
005 20251020182704.0
008 240217s9999 xx 000 0 und d
040 _aPE SENCICO BE
040 _cPE SENCICO BE
041 _aspa
082 _aQ023
245 0 _aAlbañilería estructural /
245 0 _cSENCICO-INTE
260 _aLima
260 _bSENCICO-INTE
260 _cNo precisa
300 _a1 VIDEO
300 _bson., Col.
300 _c1:36
490 _aALBAÑILERIA
511 _aArango Ortiz, Julio; Casabonne Arango, Gallegos
520 _aMódulo Uno
650 _aALBAÑILERÍAA
651 _aPERÚ
910 _aila.
942 _cVID
_2ddc
999 _c4899
_d4899